000 00617nam a2200205 i 4500
001 37817
003 ES-MaACL
005 20250815115225.0
007 t|
008 030221s1923 fr ||||1| fre d
100 1 _aCadiot, Pierre-Juste.
_933397
245 1 0 _aTraité de therapeutique chirurgicale des animaux domestiques /
_cpar Pierre-Juste Cadiot et J. Almy.
250 _a3eme ed.
260 _aParis :
_b[s.n.,
_c1923] (
_eCorbeil :
_fCreté)
300 _a2 v. ;
_c25 cm.
650 7 _aVeterinaria
_2embne
_9138773
700 1 _aAlmy, J.
_920167
852 _aES-MaACL
_jE-1431-32
999 _c37817
_d37817